Normal view
MARC view
- Management and Human Resource
Entry Topical Term
001 - CONTROL NUMBER
- control field: 119979
003 - CONTROL NUMBER IDENTIFIER
- control field: NUST
005 - DATE AND TIME OF LATEST TRANSACTION
- control field: 20240119163229.0
008 - FIXED-LENGTH DATA ELEMENTS
- fixed length control field: 240119|| aca||aabn | a|a d
040 ## - CATALOGING SOURCE
- Original cataloging agency: NUST
- Transcribing agency: NUST
150 ## - HEADING--TOPICAL TERM
- Topical term or geographic name entry element: Management and Human Resource
670 ## - SOURCE DATA FOUND
- Source citation: Work cat.: (NUST): Afzal, Maroosh 119978, THE ROLE OF TALENT MANAGEMENT IN ENHANCING TALENT RETENTION IN MULTINATIONAL AND LOCAL COMPANIES OF PAKISTAN /
